Logic and computer design fundamentals / (Record no. 52)
[ view plain ]
| 000 -LEADER | |
|---|---|
| fixed length control field | 00752nam a22002537a 4500 |
| 001 - CONTROL NUMBER | |
| control field | 5113 |
| 003 - CONTROL NUMBER IDENTIFIER | |
| control field | BD-DhUAP |
| 005 - DATE AND TIME OF LATEST TRANSACTION | |
| control field | 20200114151635.0 |
| 008 - FIXED-LENGTH DATA ELEMENTS--GENERAL INFORMATION | |
| fixed length control field | 200114b2001 a|||| ||| 001 0 eng d |
| 020 ## - INTERNATIONAL STANDARD BOOK NUMBER | |
| International Standard Book Number | 8178083345 |
| 040 ## - CATALOGING SOURCE | |
| Original cataloging agency | BD-DhUAP |
| Language of cataloging | Eng |
| Transcribing agency | BD-DhUAP |
| Modifying agency | BD-DhUAP |
| 082 ## - DEWEY DECIMAL CLASSIFICATION NUMBER | |
| Edition number | 23 |
| Classification number | 621.392 MAN |
| 100 ## - MAIN ENTRY--PERSONAL NAME | |
| Personal name | Mano, M. Morris. |
| 245 ## - TITLE STATEMENT | |
| Title | Logic and computer design fundamentals / |
| Statement of responsibility, etc. | M. Morris Mano and Charles R. Kime. |
| 250 ## - EDITION STATEMENT | |
| Edition statement | 2nd ed. |
| 260 ## - PUBLICATION, DISTRIBUTION, ETC. | |
| Place of publication, distribution, etc. | India : |
| Name of publisher, distributor, etc. | Pearson education Asia, |
| Date of publication, distribution, etc. | c2001. |
| 300 ## - PHYSICAL DESCRIPTION | |
| Extent | xvi, 650 pages : |
| Other physical details | illustrations ; |
| Dimensions | 24 cm. |
| 500 ## - GENERAL NOTE | |
| General note | Includes index. |
| 650 ## - SUBJECT ADDED ENTRY--TOPICAL TERM | |
| Topical term or geographic name entry element | Logic circuits |
| 650 ## - SUBJECT ADDED ENTRY--TOPICAL TERM | |
| Topical term or geographic name entry element | Electronic digital computers |
| Form subdivision | Circuits |
| 650 ## - SUBJECT ADDED ENTRY--TOPICAL TERM | |
| Topical term or geographic name entry element | Logic design. |
| 700 ## - ADDED ENTRY--PERSONAL NAME | |
| Personal name | Kime, Charles R. |
| 942 ## - ADDED ENTRY ELEMENTS (KOHA) | |
| Source of classification or shelving scheme | |
| Koha item type | Book |
| Withdrawn status | Lost status | Source of classification or shelving scheme | Damaged status | Not for loan | Permanent Location | Current Location | Shelving location | Date acquired | Full call number | Barcode | Date last seen | Copy number | Price effective from | Koha item type |
|---|---|---|---|---|---|---|---|---|---|---|---|---|---|---|
| UAP Central Library | UAP Central Library | General Stacks | 2020-01-14 | 621.392 MAN | 3010005113 | 2020-01-14 | 1 | 2020-01-14 | Book | |||||
| UAP Central Library | UAP Central Library | General Stacks | 2020-01-14 | 621.392 MAN | 3010005479 | 2020-01-14 | 2 | 2020-01-14 | Book | |||||
| UAP Central Library | UAP Central Library | General Stacks | 2020-01-14 | 621.392 MAN | 3010005107 | 2020-01-14 | 3 | 2020-01-14 | Book | |||||
| UAP Central Library | UAP Central Library | General Stacks | 2020-01-14 | 621.392 MAN | 3010005478 | 2020-01-14 | 4 | 2020-01-14 | Book | |||||
| UAP Central Library | UAP Central Library | General Stacks | 2020-01-14 | 621.392 MAN | 3010005108 | 2020-01-14 | 5 | 2020-01-14 | Book | |||||
| UAP Central Library | UAP Central Library | General Stacks | 2020-01-14 | 621.392 MAN | 3010005112 | 2020-01-14 | 6 | 2020-01-14 | Book | |||||
| UAP Central Library | UAP Central Library | General Stacks | 2020-01-14 | 621.392 MAN | 3010005480 | 2020-01-14 | 7 | 2020-01-14 | Book | |||||
| UAP Central Library | UAP Central Library | General Stacks | 2020-01-14 | 621.392 MAN | 3010005476 | 2020-01-14 | 8 | 2020-01-14 | Book | |||||
| UAP Central Library | UAP Central Library | General Stacks | 2020-01-14 | 621.392 MAN | 3010005109 | 2020-01-14 | 9 | 2020-01-14 | Book | |||||
| UAP Central Library | UAP Central Library | General Stacks | 2020-01-14 | 621.392 MAN | 3010005477 | 2020-01-14 | 10 | 2020-01-14 | Book | |||||
| UAP Central Library | UAP Central Library | General Stacks | 2020-01-14 | 621.392 MAN | 3010005115 | 2020-01-14 | 11 | 2020-01-14 | Book | |||||
| UAP Central Library | UAP Central Library | General Stacks | 2020-01-14 | 621.392 MAN | 3010005111 | 2020-01-14 | 12 | 2020-01-14 | Book | |||||
| UAP Central Library | UAP Central Library | General Stacks | 2020-01-14 | 621.392 MAN | 3010005475 | 2020-01-14 | 13 | 2020-01-14 | Book | |||||
| UAP Central Library | UAP Central Library | General Stacks | 2020-01-14 | 621.392 MAN | 3010005114 | 2020-01-14 | 14 | 2020-01-14 | Book | |||||
| UAP Central Library | UAP Central Library | General Stacks | 2020-01-14 | 621.392 MAN | 3010005106 | 2020-01-14 | 15 | 2020-01-14 | Book | |||||
| UAP Central Library | UAP Central Library | General Stacks | 2020-12-28 | 621.392 MAN | 3010005110 | 2020-12-28 | 16 | 2020-12-28 | Book |
Bengali Keyboard